00502 2200181 4500245005800000020001800058250001100076100001800087650001800105650002100123005001900144260004200163041001400205084000800219300002300227500006100250336000900311 aEnglish Classics b : Peter PancBarrie, J. M.hText a9786020361062 aCet. 8 aBarrie, J. M. aFiksi Inggris aEnglish Classics a20240111133749 aJakartabGramedia Pustaka Utamac2023 aIndonesia a823 a232 hlm. :c18 cm. a"Second star to the right, and straight on til morning." atext